000 00329nam a2200133Ia 4500
008 210210b1963 xxu||||| |||| 00| 0 eng d
082 _a306 GHUA
100 _aGHURYE (G S).
245 _aAnthropo-sociological papers.
260 _aBombay.
_bPopular Prakashan.,
_c1963
300 _a381
690 _aCulture
906 _aSG00511
999 _c112010
_d112010